[Event " Bjelovar OPEN 2017"]
[Site "Bjelovar"]
[Date "2017.08.03"]
[Round "1.2"]
[White "Kanizaj, Benjamin"]
[Black "Srbis, Jurica"]
[Result "0-1"]
[WhiteElo "1767"]
[BlackElo "2417"]
[PlyCount "84"]
[EventDate "2017.08.03"]

1. e4 c5 2. Nf3 g6 3. d4 cxd4 4. Nxd4 Nc6 5. Be3 Nf6 6. Nc3 Bg7 7. Bc4 O-O 8.
f3 Qb6 9. Qd2 Nxe4 10. Nxe4 Bxd4 11. Bxd4 Qxd4 12. Qxd4 Nxd4 13. O-O-O Nc6 14.
Rhe1 d6 15. Nc3 Rd8 16. Nb5 a6 17. Nd4 Nxd4 18. Rxd4 b5 19. Bb3 Ra7 20. a4 e6
21. c4 bxc4 22. Bxc4 d5 23. Kd2 Bd7 24. Bd3 Rb8 25. Rb1 a5 26. Bc2 Rab7 27. Kc3
Bc6 28. f4 f6 29. Re1 Kf7 30. b3 Ke7 31. h4 Kd6 32. Rd2 e5 33. fxe5+ fxe5 34.
Rf2 Re7 35. g4 Rb4 36. Rf6+ Re6 37. Rf7 Rxg4 38. Rxh7 d4+ 39. Kd2 e4 40. Ra7
Re5 41. Rf1 Rg2+ 42. Kc1 Rc5 0-1

[Event " Bjelovar OPEN 2017"]
[Site "Bjelovar"]
[Date "2017.08.03"]
[Round "1.4"]
[White "Salamon, Viktor"]
[Black "Mrdja, Milan"]
[Result "0-1"]
[WhiteElo "1749"]
[BlackElo "2342"]
[PlyCount "48"]
[EventDate "2017.08.03"]

1. d4 g6 2. e4 Bg7 3. Nf3 d6 4. Nc3 Nf6 5. g3 O-O 6. Bg2 Nbd7 7. O-O e5 8. h3
c6 9. a4 Qc7 10. Be3 Re8 11. Qd2 b6 12. Rfe1 Bb7 13. Rad1 Rad8 14. Bh6 a6 15.
Bxg7 Kxg7 16. b4 b5 17. Bf1 Nb6 18. a5 Nbd7 19. dxe5 dxe5 20. Qc1 c5 21. Qb2
Rc8 22. Bxb5 cxb4 23. Bxd7 bxc3 24. Qb3 Nxd7 0-1

[Event " Bjelovar OPEN 2017"]
[Site "Bjelovar"]
[Date "2017.08.03"]
[Round "1.5"]
[White "Matko, Ognjen"]
[Black "Kolar, Mihael"]
[Result "1-0"]
[WhiteElo "2317"]
[BlackElo "1735"]
[PlyCount "45"]
[EventDate "2017.08.03"]

1. e4 e5 2. Nf3 Nc6 3. d4 exd4 4. Nxd4 Qf6 5. Be3 Bb4+ 6. c3 Ba5 7. Nd2 a6 8.
Nc4 Bb6 9. Nxb6 cxb6 10. Nf5 d5 11. Qxd5 Bxf5 12. Qxf5 Qxf5 13. exf5 Nge7 14.
f6 gxf6 15. Bxb6 Nd5 16. Bc5 O-O-O 17. O-O-O Rhe8 18. g3 Ne5 19. Bg2 Nxc3 20.
bxc3 Nd3+ 21. Rxd3 Rxd3 22. Kc2 Red8 23. Bd4 1-0

[Event " Bjelovar OPEN 2017"]
[Site "Bjelovar"]
[Date "2017.08.03"]
[Round "1.6"]
[White "Kovac, Mihael"]
[Black "Cop, Tomislav"]
[Result "0-1"]
[WhiteElo "1708"]
[BlackElo "2310"]
[PlyCount "67"]
[EventDate "2017.08.03"]

1. e4 c6 2. d4 d5 3. Nd2 dxe4 4. Nxe4 Nf6 5. Nxf6+ gxf6 6. Nf3 Bf5 7. Bc4 e6 8.
Bf4 Bd6 9. Qd2 Bxf4 10. Qxf4 Bxc2 11. O-O Nd7 12. Rfe1 O-O 13. Rac1 Bg6 14. Nh4
Kg7 15. Rc3 Qb8 16. Qd2 Nb6 17. Bb3 Nd5 18. Nxg6 hxg6 19. Bxd5 cxd5 20. Rec1
Qd6 21. Rc7 Rab8 22. Qa5 a6 23. Qc5 Rfd8 24. g3 e5 25. Kf1 Rd7 26. Ke2 Qe6 27.
Rxd7 Qxd7 28. Qc7 Qb5+ 29. Kf3 Re8 30. Rc5 Qf1 31. Qd7 e4+ 32. Kg4 Rh8 33. h4
e3 34. fxe3 0-1

[Event " Bjelovar OPEN 2017"]
[Site "Bjelovar"]
[Date "2017.08.03"]
[Round "1.7"]
[White "Kristovic, Marijan"]
[Black "Kerman, Josip"]
[Result "1-0"]
[WhiteElo "2275"]
[BlackElo "1640"]
[PlyCount "25"]
[EventDate "2017.08.03"]

1. e4 e5 2. f4 Bc5 3. Nf3 Nf6 4. fxe5 Nxe4 5. d4 Be7 6. Bd3 Ng5 7. O-O d6 8.
Nxg5 Bxg5 9. Qh5 Be7 10. Qxf7+ Kd7 11. Bf5+ Kc6 12. Qc4+ Kb6 13. Qb3+ 1-0

[Event " Bjelovar OPEN 2017"]
[Site "Bjelovar"]
[Date "2017.08.03"]
[Round "1.8"]
[White "Colev, Ivor"]
[Black "Sokac, Marko"]
[Result "1-0"]
[WhiteElo "1639"]
[BlackElo "2275"]
[PlyCount "89"]
[EventDate "2017.08.03"]

1. e4 Nf6 2. e5 Nd5 3. Nc3 Nxc3 4. dxc3 d6 5. exd6 cxd6 6. Nf3 Nc6 7. Bc4 e6 8.
O-O Be7 9. Re1 O-O 10. Bf4 b6 11. Qd2 Bb7 12. Rad1 Na5 13. Be2 Bxf3 14. Bxf3
Nc4 15. Qd4 d5 16. b3 Bf6 17. Qd3 Nb2 18. Qe3 Nxd1 19. Rxd1 Rc8 20. c4 d4 21.
Qd3 Qe7 22. Be4 g6 23. Qg3 Rfd8 24. Rd3 Qa3 25. Rf3 Qxa2 26. h3 Qa5 27. Kh2 Bg7
28. Bd3 e5 29. Bg5 Re8 30. Be4 Rc5 31. Bf6 Qe1 32. Qh4 Bf8 33. Rf5 Re6 34. Bd5
Rxd5 35. cxd5 Re8 36. Rh5 e4 37. Be5 h6 38. Qf6 Rxe5 39. Rxe5 e3 40. fxe3 dxe3
41. Re8 Qf2 42. Qd6 Kh7 43. Rxf8 e2 44. Qe5 g5 45. Re8 1-0

[Event " Bjelovar OPEN 2017"]
[Site "Bjelovar"]
[Date "2017.08.03"]
[Round "1.11"]
[White "Kovacevic, Veljko"]
[Black "Ivaci, David"]
[Result "1-0"]
[WhiteElo "2200"]
[BlackElo "1533"]
[PlyCount "59"]
[EventDate "2017.08.03"]

1. c4 c5 2. Nf3 Nc6 3. g3 g6 4. Bg2 Bg7 5. O-O Nf6 6. Nc3 O-O 7. d4 cxd4 8.
Nxd4 Nxd4 9. Qxd4 d6 10. Qd2 Rb8 11. b3 b6 12. Bb2 Bb7 13. e4 a6 14. Rfe1 Qc7
15. Rac1 Rbd8 16. Nd5 Nxd5 17. Bxg7 Kxg7 18. cxd5 Qb8 19. Qd4+ Kg8 20. Qxb6 Rc8
21. Bh3 Rxc1 22. Rxc1 Qa8 23. Rc7 Rb8 24. Qd4 Re8 25. Bd7 Rf8 26. h4 h5 27. Bc6
Bxc6 28. dxc6 Rc8 29. Qb6 Rb8 30. Ra7 1-0

[Event " Bjelovar OPEN 2017"]
[Site "Bjelovar"]
[Date "2017.08.03"]
[Round "2.1"]
[White "Rozic, Marijan"]
[Black "Lalic, Bogdan"]
[Result "0-1"]
[WhiteElo "2038"]
[BlackElo "2438"]
[PlyCount "36"]
[EventDate "2017.08.03"]

1. e4 c5 2. Nf3 e6 3. d4 cxd4 4. Nxd4 g6 5. Bc4 b5 6. Bb3 Bb7 7. Qe2 Bc5 8. c3
Nc6 9. Be3 Qb6 10. Nxc6 Bxe3 11. Ne5 Bf4 12. Nxf7 Kxf7 13. Qf3 g5 14. h4 Nf6
15. Bc2 Raf8 16. g3 Bc1 17. hxg5 Bxg5 18. O-O Ke7 0-1

[Event " Bjelovar OPEN 2017"]
[Site "Bjelovar"]
[Date "2017.08.03"]
[Round "2.2"]
[White "Srbis, Jurica"]
[Black "Padjen, Zdenko"]
[Result "1-0"]
[WhiteElo "2417"]
[BlackElo "2035"]
[PlyCount "69"]
[EventDate "2017.08.03"]

1. e4 d6 2. d4 Nf6 3. Nc3 g6 4. Be3 Bg7 5. Qd2 Ng4 6. Bg5 h6 7. Bh4 c6 8. h3
Nf6 9. f4 O-O 10. O-O-O b5 11. e5 b4 12. exf6 bxc3 13. Qxc3 exf6 14. Nf3 Qb6
15. g4 Ba6 16. f5 Re8 17. Bd3 Re3 18. Rhf1 g5 19. Bg3 Bf8 20. d5 c5 21. Qd2 Re8
22. c4 Nd7 23. Rfe1 Ne5 24. Bxe5 dxe5 25. Qc2 Qa5 26. Kb1 Bd6 27. Nd2 Kg7 28.
Ne4 Rad8 29. h4 Rh8 30. Rh1 Qb6 31. Rh3 Be7 32. Rdh1 Qb8 33. Qh2 Bb7 34. hxg5
hxg5 35. Rh7+ 1-0

[Event " Bjelovar OPEN 2017"]
[Site "Bjelovar"]
[Date "2017.08.03"]
[Round "2.3"]
[White "Bogdanic, Katarina"]
[Black "Loncar, Robert"]
[Result "0-1"]
[WhiteElo "2007"]
[BlackElo "2353"]
[PlyCount "106"]
[EventDate "2017.08.03"]

1. Nf3 Nf6 2. g3 b6 3. Bg2 Bb7 4. c4 g6 5. b3 Bg7 6. Bb2 O-O 7. O-O c5 8. Nc3
d6 9. e3 Na6 10. d4 Ne4 11. Nxe4 Bxe4 12. Ne1 Bxg2 13. Nxg2 d5 14. Qc2 cxd4 15.
exd4 dxc4 16. Qxc4 Nc7 17. Ne3 Qd7 18. Rfd1 Rfd8 19. Rd2 Rac8 20. Qe2 e6 21.
Rad1 Nd5 22. Nc4 Rc7 23. Qf3 Rdc8 24. Ne3 Rd8 25. Nc4 b5 26. Ne5 Qe8 27. Qe2 b4
28. Nc4 Rcd7 29. Qf3 Ne7 30. g4 Bh6 31. Rc2 Rc8 32. Re2 Nd5 33. Re4 Qd8 34. Qg3
Bg7 35. Rd3 a5 36. h4 a4 37. f4 a3 38. Ba1 h5 39. gxh5 Nf6 40. Re1 Nxh5 41. Qf2
Rd5 42. Re4 Rf5 43. Rf3 Bf6 44. Rh3 Qc7 45. Rf3 Qc6 46. Nd2 Qc2 47. Qe1 Bxh4
48. Qe3 Qxa2 49. Nc4 Qxa1+ 50. Rf1 Qxf1+ 51. Kxf1 Ng3+ 52. Kg2 Nxe4 53. Qxe4 a2
0-1

[Event " Bjelovar OPEN 2017"]
[Site "Bjelovar"]
[Date "2017.08.03"]
[Round "2.5"]
[White "Kos, Bruno"]
[Black "Matko, Ognjen"]
[Result "1/2-1/2"]
[WhiteElo "1987"]
[BlackElo "2317"]
[PlyCount "114"]
[EventDate "2017.08.03"]

1. d4 Nf6 2. Nf3 c5 3. c3 e6 4. Bf4 Nc6 5. e3 Be7 6. Nbd2 Nh5 7. Bg3 Nxg3 8.
hxg3 d5 9. Bd3 h6 10. Qe2 Qb6 11. O-O-O Bd7 12. dxc5 Bxc5 13. Nb3 Be7 14. e4
dxe4 15. Bxe4 O-O-O 16. Nfd4 Nxd4 17. Rxd4 Bb5 18. Qf3 f5 19. Bd3 Rxd4 20. Nxd4
Bd7 21. Re1 Rf8 22. Qe2 Bc5 23. Qe5 Bxd4 24. cxd4 Qc7+ 25. Kd2 Qxe5 26. Rxe5
Kc7 27. Bc4 Kd6 28. b4 b6 29. Bb3 Rf6 30. Ke3 Rg6 31. a4 Bc6 32. a5 Bd7 33. Bc4
Rg5 34. Be2 Rg6 35. a6 Rf6 36. b5 Rf8 37. Bc4 Rc8 38. Kd3 Rc7 39. Re1 Rc8 40.
Re5 Re8 41. Ke3 Ke7 42. Kd3 Kd6 43. Ke3 Rh8 44. Kd2 h5 45. Re3 h4 46. gxh4 Rxh4
47. Kc3 Rh2 48. Bf1 Rh1 49. Bd3 g5 50. Re2 Rh2 51. g3 f4 52. gxf4 gxf4 53. Bc4
Rh3+ 54. Kb4 Rh2 55. Kc3 f3 56. Rc2 Be8 57. Kb4 Rh5 1/2-1/2

[Event " Bjelovar OPEN 2017"]
[Site "Bjelovar"]
[Date "2017.08.03"]
[Round "2.6"]
[White "Cop, Tomislav"]
[Black "Novosel, Vladimir"]
[Result "1-0"]
[WhiteElo "2310"]
[BlackElo "1939"]
[PlyCount "111"]
[EventDate "2017.08.03"]

1. e4 c6 2. d4 d5 3. e5 Bf5 4. Nc3 e6 5. g4 Bg6 6. Nge2 h6 7. h4 Be7 8. h5 Bh7
9. Be3 Bg5 10. Qd2 Nd7 11. O-O-O Bxe3 12. Qxe3 Qe7 13. f4 O-O-O 14. Ng3 g6 15.
hxg6 fxg6 16. a3 Rf8 17. Bd3 Qg7 18. Rdg1 Qf7 19. Rf1 Qe7 20. Kb1 b5 21. Na2
Kc7 22. Qd2 Kb6 23. Nc1 a5 24. Nb3 a4 25. Nc1 c5 26. c3 Kc6 27. Na2 Nb6 28. Ka1
Nc4 29. Qc1 Qa7 30. Ne2 Na5 31. Qe3 Nb3+ 32. Kb1 c4 33. Bc2 g5 34. Nb4+ Kb6 35.
f5 Qe7 36. Ng3 Na5 37. fxe6 Bxc2+ 38. Kxc2 Rd8 39. Rf7 Qxe6 40. Rhf1 Qg6+ 41.
R1f5 Nc6 42. Nxc6 Kxc6 43. Kd2 Re8 44. Ne4 Re6 45. Nc5 Rh7 46. Rxh7 Qxh7 47.
Nxe6 Ne7 48. Rf7 Qb1 49. Rxe7 Qxb2+ 50. Ke1 Qb1+ 51. Kf2 Qb2+ 52. Kg3 Qxa3 53.
Nd8+ Kb6 54. Rb7+ Ka6 55. Qf3 Qc1 56. Qf6+ 1-0

[Event " Bjelovar OPEN 2017"]
[Site "Bjelovar"]
[Date "2017.08.03"]
[Round "2.7"]
[White "Muzina, Marin"]
[Black "Kristovic, Marijan"]
[Result "1/2-1/2"]
[WhiteElo "1914"]
[BlackElo "2275"]
[PlyCount "144"]
[EventDate "2017.08.03"]

1. d4 d5 2. Bf4 e6 3. Nf3 c5 4. e3 Nc6 5. c3 Nf6 6. Bd3 Bd6 7. Bg3 O-O 8. O-O
Re8 9. Ne5 Bxe5 10. dxe5 Nd7 11. f4 f5 12. Qh5 Nf8 13. Bh4 Qe7 14. g4 Qf7 15.
Qxf7+ Kxf7 16. gxf5 exf5 17. Rd1 Be6 18. Na3 c4 19. Be2 Ng6 20. Bf2 a6 21. Bf3
Red8 22. Rd2 b5 23. Rad1 Nge7 24. Bh4 Rab8 25. Bxe7 Nxe7 26. Nc2 a5 27. a3 Rb6
28. e4 fxe4 29. Bxe4 g6 30. Ne3 Rdb8 31. Nxd5 Nxd5 32. Bxd5 b4 33. axb4 axb4
34. Bxe6+ Kxe6 35. Rd6+ Kf5 36. Rxb6 Rxb6 37. Rd4 bxc3 38. bxc3 Kg4 39. Kf2
Rb2+ 40. Ke3 Rxh2 41. Rxc4 Rh1 42. Ke4 h5 43. Rc6 Re1+ 44. Kd5 Kxf4 45. Rf6+
Kg5 46. Rf3 h4 47. e6 Kg4 48. Rf6 g5 49. Kd6 h3 50. e7 h2 51. Rh6 Kg3 52. Kd7
g4 53. c4 Kg2 54. e8=Q Rxe8 55. Kxe8 g3 56. c5 Kf3 57. c6 g2 58. c7 g1=Q 59.
Rxh2 Qg8+ 60. Kd7 Qd5+ 61. Kc8 Qf5+ 62. Kb7 Qb5+ 63. Ka8 Qa6+ 64. Kb8 Qb6+ 65.
Kc8 Ke4 66. Rh4+ Kf5 67. Rh5+ Kg6 68. Kd7 Qd4+ 69. Ke8 Qe4+ 70. Kd8 Kf7 71.
Rh7+ Kf8 72. c8=Q Qxh7 1/2-1/2

[Event " Bjelovar OPEN 2017"]
[Site "Bjelovar"]
[Date "2017.08.03"]
[Round "2.8"]
[White "Blazeka, Djuro"]
[Black "Horvat, David"]
[Result "1/2-1/2"]
[WhiteElo "1892"]
[BlackElo "2233"]
[PlyCount "69"]
[EventDate "2017.08.03"]

1. e4 c5 2. Nf3 d6 3. d4 cxd4 4. Nxd4 Nf6 5. f3 Nc6 6. c4 Nxd4 7. Qxd4 g6 8.
Be3 Bg7 9. Nc3 O-O 10. Qd2 Bd7 11. c5 Bc6 12. cxd6 exd6 13. Bc4 b5 14. Bd3 d5
15. Bg5 Re8 16. O-O-O b4 17. Nxd5 Bxd5 18. exd5 Qxd5 19. Kb1 Rad8 20. Bc2 Qa5
21. Qf4 Rxd1+ 22. Rxd1 Nd5 23. Qc4 Nc3+ 24. bxc3 Qxg5 25. Qxb4 Qe5 26. Bb3 a5
27. Qc4 Qf5+ 28. Kb2 Rc8 29. g4 Rxc4 30. Rd8+ Bf8 31. gxf5 Rf4 32. fxg6 hxg6
33. Bd5 Kg7 34. Ra8 a4 35. a3 1/2-1/2

[Event " Bjelovar OPEN 2017"]
[Site "Bjelovar"]
[Date "2017.08.04"]
[Round "3.1"]
[White "Lalic, Bogdan"]
[Black "Cenkovcan, Andrija"]
[Result "1-0"]
[WhiteElo "2438"]
[BlackElo "2053"]
[PlyCount "143"]
[EventDate "2017.08.03"]

1. c4 g6 2. d4 Nf6 3. Nc3 Bg7 4. e4 d6 5. Be2 O-O 6. Be3 c6 7. Nf3 Nbd7 8. O-O
e5 9. d5 c5 10. Ne1 Ne8 11. Nd3 f5 12. f4 Qe7 13. exf5 gxf5 14. Qd2 e4 15. Nf2
Nc7 16. g4 Nf6 17. g5 Nd7 18. a4 a6 19. Nh1 Rb8 20. Ng3 Qf7 21. a5 b5 22. axb6
Rxb6 23. Nh5 Bh8 24. Ra3 Ne8 25. Kh1 Rb4 26. b3 Ng7 27. Ng3 Ne8 28. Bh5 Qg7 29.
Nd1 Nc7 30. Qc1 Qe7 31. Bd2 Rb8 32. Ne3 Nb6 33. Bc3 Bxc3 34. Qxc3 Qg7 35. Qxg7+
Kxg7 36. Be2 Ne8 37. h4 Ra8 38. Rfa1 Kh8 39. Bf1 Ra7 40. Bh3 Ng7 41. h5 h6 42.
gxh6 Ne8 43. Bxf5 Nf6 44. Bxc8 Nxc8 45. Rxa6 Rh7 46. Ra8 Nxh5 47. Nxh5 Rxh6 48.
R1a2 Rxh5+ 49. Rh2 Rxh2+ 50. Kxh2 Kg7 51. Kg2 Kf6 52. Rb8 Rg8+ 53. Kf2 Rh8 54.
Rb7 Rh3 55. Rd7 Rh8 56. Kg3 Kg6 57. f5+ Kg5 58. Rf7 Rh1 59. Rg7+ Kf6 60. Rc7
Rh8 61. Kf4 Rh4+ 62. Ng4+ Rxg4+ 63. Kxg4 Ne7 64. Kf4 Nxf5 65. Kxe4 Ng3+ 66. Kd3
Nf5 67. Kc3 Ke5 68. Rh7 Nd4 69. b4 cxb4+ 70. Kxb4 Nc2+ 71. Kc3 Ne3 72. Re7+ 1-0

[Event " Bjelovar OPEN 2017"]
[Site "Bjelovar"]
[Date "2017.08.04"]
[Round "3.2"]
[White "Cvitkovic, Filip"]
[Black "Srbis, Jurica"]
[Result "0-1"]
[WhiteElo "2151"]
[BlackElo "2417"]
[PlyCount "79"]
[EventDate "2017.08.03"]

1. d4 Nf6 2. c4 e6 3. Nc3 Bb4 4. Qc2 c5 5. dxc5 Qa5 6. Bd2 Qxc5 7. a3 Bxc3 8.
Qxc3 O-O 9. Nf3 Nc6 10. b4 Qf5 11. Nd4 Nxd4 12. Qxd4 d5 13. Bc3 dxc4 14. f3 b5
15. e4 Qg5 16. a4 Bd7 17. Bd2 Qg6 18. axb5 Bxb5 19. Rxa7 Rad8 20. Qc5 Nxe4 21.
fxe4 Qxe4+ 22. Be3 Rd5 23. Qb6 Rfd8 24. Be2 Qb1+ 25. Kf2 Qxh1 26. Bf3 Rd3 27.
Be4 Rd1 28. Qxb5 Qg1+ 29. Kf3 Rf1+ 30. Kg3 Qxe3+ 31. Bf3 Qxa7 32. Qxc4 Qf2+ 33.
Kh3 g5 34. Be2 Qf5+ 35. Kg3 Qf4+ 36. Kh3 g4+ 37. Kh4 Qxh2+ 38. Kxg4 Qxg2+ 39.
Kh5 Rh1+ 40. Qh4 0-1

[Event " Bjelovar OPEN 2017"]
[Site "Bjelovar"]
[Date "2017.08.04"]
[Round "3.3"]
[White "Loncar, Robert"]
[Black "Dejanovic, Tereza"]
[Result "1-0"]
[WhiteElo "2353"]
[BlackElo "1809"]
[PlyCount "103"]
[EventDate "2017.08.03"]

1. d4 d5 2. Nf3 Nf6 3. c4 e6 4. Nc3 c6 5. e3 Bd6 6. Bd3 Nbd7 7. O-O O-O 8. e4
dxe4 9. Nxe4 Nxe4 10. Bxe4 h6 11. Bc2 Nf6 12. Qd3 c5 13. Be3 b6 14. Rfd1 Bb7
15. dxc5 Bxc5 16. Bxc5 Qxd3 17. Bxd3 bxc5 18. Ne5 Rfd8 19. Be2 Be4 20. Rac1
Rab8 21. b3 Kf8 22. f3 Bb7 23. Kf2 Ke7 24. Ke3 Nd7 25. Nd3 Rbc8 26. Rd2 a5 27.
Rcd1 Ba6 28. Nf2 Nf6 29. f4 Bb7 30. Bf3 Bxf3 31. Kxf3 Rxd2 32. Rxd2 a4 33. g4
axb3 34. axb3 Rd8 35. Ra2 Rb8 36. Ra3 Kd6 37. h4 Rb6 38. h5 g6 39. hxg6 fxg6
40. g5 hxg5 41. fxg5 Nd7 42. Kf4 Rb8 43. Ne4+ Ke7 44. Ra7 Rf8+ 45. Nf6 Rd8 46.
Ke3 Kd6 47. Ne4+ Kc6 48. Ra6+ Nb6 49. Nc3 Kb7 50. Ra5 Rc8 51. Ne4 Re8 52. Nd6+
1-0

[Event " Bjelovar OPEN 2017"]
[Site "Bjelovar"]
[Date "2017.08.04"]
[Round "3.4"]
[White "Basaric, Srdjan"]
[Black "Mrdja, Milan"]
[Result "1/2-1/2"]
[WhiteElo "2061"]
[BlackElo "2342"]
[PlyCount "37"]
[EventDate "2017.08.03"]

1. e4 g6 2. Nc3 Bg7 3. g3 e6 4. Bg2 Ne7 5. Nge2 d5 6. d3 d4 7. Nb5 a6 8. Na3 e5
9. O-O O-O 10. f4 f6 11. Nc4 Nbc6 12. a4 Be6 13. b3 Qd7 14. Bd2 Bh3 15. Qe1
Bxg2 16. Kxg2 b5 17. Na5 Nxa5 18. Bxa5 c5 19. Bd2 1/2-1/2

[Event " Bjelovar OPEN 2017"]
[Site "Bjelovar"]
[Date "2017.08.04"]
[Round "3.5"]
[White "Cop, Tomislav"]
[Black "Purkic, Ruza"]
[Result "1-0"]
[WhiteElo "2310"]
[BlackElo "1517"]
[PlyCount "33"]
[EventDate "2017.08.03"]

1. e4 c5 2. Nf3 d6 3. d4 cxd4 4. Qxd4 Nc6 5. Bb5 Bd7 6. Bxc6 Bxc6 7. Nc3 Nf6 8.
Bg5 g6 9. Bxf6 exf6 10. O-O-O Bh6+ 11. Kb1 Bf4 12. g3 Be5 13. Nxe5 dxe5 14. Qc5
Qe7 15. Rd6 a6 16. Rxc6 bxc6 17. Qxc6+ 1-0

[Event " Bjelovar OPEN 2017"]
[Site "Bjelovar"]
[Date "2017.08.04"]
[Round "3.6"]
[White "Matko, Ognjen"]
[Black "Muzina, Marin"]
[Result "1-0"]
[WhiteElo "2317"]
[BlackElo "1914"]
[PlyCount "54"]
[EventDate "2017.08.03"]

1. Nf3 d5 2. c4 e6 3. d4 Nf6 4. Nc3 b6 5. cxd5 exd5 6. Bg5 Bb7 7. e3 Be7 8.
Bb5+ c6 9. Bd3 O-O 10. Qc2 h6 11. Bf4 c5 12. O-O Nc6 13. a3 Rc8 14. Bf5 Ra8 15.
Rfd1 cxd4 16. Nxd4 Nxd4 17. Rxd4 Bc5 18. Rd2 Qe7 19. Rad1 Rad8 20. b4 Bd6 21.
Bxd6 Qxd6 22. Nb5 Rc8 23. Qb2 a6 24. Nd4 Rc4 25. Bd3 Rc7 26. Nf5 Qe6 27. Qd4
Ne4 1-0

[Event " Bjelovar OPEN 2017"]
[Site "Bjelovar"]
[Date "2017.08.04"]
[Round "3.7"]
[White "Kristovic, Marijan"]
[Black "Kos, Bruno"]
[Result "1/2-1/2"]
[WhiteElo "2275"]
[BlackElo "1987"]
[PlyCount "141"]
[EventDate "2017.08.03"]

1. e4 d5 2. exd5 Nf6 3. c4 e6 4. dxe6 Bxe6 5. d4 Bb4+ 6. Bd2 Qe7 7. Bxb4 Qxb4+
8. Nc3 Bxc4 9. Bxc4 Qxc4 10. Nge2 Nc6 11. b3 Qb4 12. a3 Qe7 13. O-O O-O-O 14.
Qd3 Qd7 15. Rfd1 Nd5 16. Na4 Rhe8 17. h3 Qe6 18. Rd2 Qe4 19. Qg3 Rd6 20. Nc5
Qf5 21. Qg4 Qxg4 22. hxg4 b6 23. Nd3 Nf6 24. Nb4 Nxg4 25. Nxc6 Rxc6 26. d5 Rc5
27. b4 Rc4 28. f3 Ne3 29. Kf2 Kd7 30. Raa2 Re5 31. Rd3 Nf5 32. g4 Ne7 33. Rad2
Ng6 34. Ng3 Nf4 35. Rd4 Rxd4 36. Rxd4 Ng6 37. Nf5 Ne7 38. Ne3 g5 39. b5 Ng6 40.
Nc4 Re8 41. d6 Nf4 42. Rd2 Re6 43. dxc7+ Kxc7 44. a4 h5 45. gxh5 Nxh5 46. Ne3
Nf4 47. Rc2+ Kd7 48. Nf5 Nd3+ 49. Kg3 Nc5 50. a5 Nb7 51. Nd4 Re5 52. axb6 axb6
53. Rc6 Rxb5 54. Rf6 Ke7 55. Rc6 Rd5 56. Rxb6 Rxd4 57. Rxb7+ Kf6 58. Ra7 Kg6
59. Ra6+ f6 60. Ra5 Rb4 61. Rc5 Rb1 62. Rc6 Rb4 63. Ra6 Rf4 64. Rb6 Rd4 65. Ra6
Kf5 66. Rb6 Ke5 67. Rb5+ Rd5 68. Rxd5+ Kxd5 69. f4 Ke4 70. fxg5 fxg5 71. Kg4
1/2-1/2

[Event " Bjelovar OPEN 2017"]
[Site "Bjelovar"]
[Date "2017.08.04"]
[Round "4.1"]
[White "Loncar, Robert"]
[Black "Lalic, Bogdan"]
[Result "1/2-1/2"]
[WhiteElo "2353"]
[BlackElo "2438"]
[PlyCount "39"]
[EventDate "2017.08.03"]

1. e4 e5 2. Nf3 Nc6 3. Bb5 a6 4. Ba4 Nf6 5. O-O Be7 6. Re1 b5 7. Bb3 d6 8. c3
O-O 9. h3 Nb8 10. d4 Nbd7 11. Nbd2 Bb7 12. Bc2 Re8 13. Nf1 Bf8 14. Ng3 g6 15.
a4 c5 16. d5 c4 17. Bg5 h6 18. Be3 Nc5 19. Qd2 h5 20. Bxc5 1/2-1/2

[Event " Bjelovar OPEN 2017"]
[Site "Bjelovar"]
[Date "2017.08.04"]
[Round "4.2"]
[White "Srbis, Jurica"]
[Black "Cop, Tomislav"]
[Result "0-1"]
[WhiteElo "2417"]
[BlackElo "2310"]
[PlyCount "116"]
[EventDate "2017.08.03"]

1. e4 c6 2. Nc3 d5 3. Nf3 Bg4 4. h3 Bh5 5. exd5 cxd5 6. Bb5+ Nc6 7. g4 Bg6 8.
Ne5 Rc8 9. d4 e6 10. Qe2 Bb4 11. Bxc6+ bxc6 12. h4 Ne7 13. h5 Be4 14. O-O Bxc3
15. bxc3 Qa5 16. Bd2 h6 17. Rfb1 O-O 18. Rb7 Rfe8 19. Re1 c5 20. f3 cxd4 21.
cxd4 Qxa2 22. c3 f6 23. Ng6 Nxg6 24. hxg6 Bxf3 25. Rxg7+ Kxg7 26. Bxh6+ Kxh6
27. Qxa2 Kxg6 28. Qxa7 Rxc3 29. Qd7 Rh8 30. Qxe6 Rh1+ 31. Kf2 Rh2+ 32. Kg3 Rg2+
33. Kf4 Rxg4+ 34. Qxg4+ Bxg4 35. Kxg4 Rd3 36. Re8 Rxd4+ 37. Kf3 Kf5 38. Rd8
Rd3+ 39. Ke2 Rd4 40. Kf3 Ke6 41. Ke3 Re4+ 42. Kd3 f5 43. Re8+ Kf6 44. Rf8+ Ke5
45. Re8+ Kf4 46. Rd8 Re5 47. Kd4 Re1 48. Kd3 Kf3 49. Kd2 Re5 50. Rf8 f4 51. Rf7
Kg3 52. Rg7+ Kf2 53. Rf7 f3 54. Rf8 Rg5 55. Rf7 Rg8 56. Kd1 Kg2 57. Ke1 Re8+
58. Kd2 Re4 0-1

[Event " Bjelovar OPEN 2017"]
[Site "Bjelovar"]
[Date "2017.08.04"]
[Round "4.3"]
[White "Mrdja, Milan"]
[Black "Lesar, David"]
[Result "1-0"]
[WhiteElo "2342"]
[BlackElo "1910"]
[PlyCount "67"]
[EventDate "2017.08.03"]

1. e4 c5 2. Nf3 d6 3. d4 cxd4 4. Qxd4 Nc6 5. Bb5 Bd7 6. Bxc6 Bxc6 7. Nc3 Nf6 8.
Bg5 e6 9. O-O-O Be7 10. Rhe1 Qc7 11. Bxf6 gxf6 12. Qe3 b5 13. Nd4 b4 14. Nd5
Bxd5 15. exd5 e5 16. Nc6 a5 17. Qh6 Kd7 18. Qh3+ Ke8 19. f4 a4 20. Kb1 Qb6 21.
Re2 Qb5 22. Re4 b3 23. cxb3 a3 24. Qc3 Rg8 25. Qh3 Rh8 26. bxa3 Qa6 27. a4 Qb6
28. Qg3 Kd7 29. Rb4 Qa6 30. Qg4+ Ke8 31. Rb5 Qc8 32. f5 Kd7 33. Qe4 Rg8 34. Rc1
1-0

[Event " Bjelovar OPEN 2017"]
[Site "Bjelovar"]
[Date "2017.08.04"]
[Round "4.4"]
[White "Radikovic, Anamarija"]
[Black "Matko, Ognjen"]
[Result "0-1"]
[WhiteElo "1868"]
[BlackElo "2317"]
[PlyCount "54"]
[EventDate "2017.08.03"]

1. d4 Nf6 2. Bf4 c5 3. c3 d5 4. Nd2 cxd4 5. cxd4 Nc6 6. e3 Bf5 7. Qb3 Na5 8.
Bb5+ Bd7 9. Bxd7+ Qxd7 10. Qd3 e6 11. Ngf3 Nc6 12. h3 Nb4 13. Qb3 Qb5 14. Ne5
Rc8 15. Rb1 a5 16. a4 Qa6 17. f3 Nd7 18. Kf2 Nxe5 19. Bxe5 Be7 20. Rhd1 O-O 21.
Rf1 Rc2 22. Rbd1 Rfc8 23. Kg1 Qe2 24. Rfe1 Qd3 25. Bg3 Rxd2 26. Qxd3 Rxd3 27.
Rc1 Rc6 0-1

[Event " Bjelovar OPEN 2017"]
[Site "Bjelovar"]
[Date "2017.08.04"]
[Round "4.5"]
[White "Basaric, Srdjan"]
[Black "Kovacevic, Veljko"]
[Result "1/2-1/2"]
[WhiteElo "2061"]
[BlackElo "2200"]
[PlyCount "24"]
[EventDate "2017.08.03"]

1. e4 c5 2. Nf3 d6 3. d4 cxd4 4. Qxd4 e5 5. Qe3 Nf6 6. h3 Nc6 7. Bb5 Be7 8. O-O
O-O 9. Rd1 Qc7 10. Nc3 Be6 11. Qe2 a6 12. Bxc6 Qxc6 1/2-1/2

[Event " Bjelovar OPEN 2017"]
[Site "Bjelovar"]
[Date "2017.08.04"]
[Round "4.6"]
[White "Smetisko, Marija"]
[Black "Kristovic, Marijan"]
[Result "0-1"]
[WhiteElo "1845"]
[BlackElo "2275"]
[PlyCount "94"]
[EventDate "2017.08.03"]

1. e4 d6 2. d4 Nf6 3. Nc3 Nbd7 4. Nf3 e5 5. Bc4 Be7 6. Bxf7+ Kxf7 7. Ng5+ Kg8
8. Ne6 Qe8 9. Nxc7 Qg6 10. O-O Rb8 11. Qe2 Nb6 12. dxe5 dxe5 13. f4 Bd6 14.
N7b5 Bc5+ 15. Kh1 Bg4 16. Qd3 Re8 17. Nc7 Rc8 18. f5 Qf7 19. Ne6 Bd4 20. Nb5
Nc4 21. Nbxd4 exd4 22. Qxd4 Qd7 23. Qxd7 Nxd7 24. Rf4 Bh5 25. b3 Nce5 26. c4
Nd3 27. Rh4 Bf7 28. Ng5 b5 29. Be3 bxc4 30. Nxf7 Kxf7 31. Rd1 N7e5 32. bxc4 a6
33. Kg1 Rxc4 34. Kf1 Rc2 35. a3 h6 36. Rh3 Rhc8 37. Bd4 Rc1 38. Rxc1 Rxc1+ 39.
Ke2 Rc2+ 40. Kf1 Rc4 41. Bxe5 Nxe5 42. Rh4 Ra4 43. Rh3 Rxe4 44. Rb3 Rf4+ 45.
Kg1 Rxf5 46. Rb7+ Kg6 47. Rb6+ Rf6 0-1

[Event " Bjelovar OPEN 2017"]
[Site "Bjelovar"]
[Date "2017.08.04"]
[Round "4.7"]
[White "Sokac, Marko"]
[Black "Mudrinic, Nenad"]
[Result "1-0"]
[WhiteElo "2275"]
[BlackElo "1874"]
[PlyCount "83"]
[EventDate "2017.08.03"]

1. e4 c5 2. Na3 Nc6 3. Bb5 e5 4. Nf3 Nge7 5. c3 a6 6. Ba4 g6 7. h4 h6 8. d3 Bg7
9. Be3 b5 10. Bc2 d6 11. Nd2 f5 12. exf5 Nxf5 13. Qf3 Bd7 14. g4 Nxe3 15. fxe3
Rf8 16. Qe4 Ne7 17. Qg2 Bc6 18. Ne4 Qd7 19. Rf1 O-O-O 20. O-O-O Nd5 21. Qh3 Qe7
22. Bb3 Nf6 23. Nxf6 Bxf6 24. g5+ Bd7 25. gxf6 Rxf6 26. Qg2 Kc7 27. Bd5 Rxf1
28. Rxf1 Rf8 29. Rxf8 Qxf8 30. Nc2 Qf5 31. Be4 Qh5 32. b4 Qxh4 33. bxc5 Bf5 34.
cxd6+ Kxd6 35. Bxf5 gxf5 36. Qg6+ Ke7 37. Qxf5 Qh2 38. d4 exd4 39. cxd4 h5 40.
d5 Qh1+ 41. Kb2 Kd6 42. Qe6+ 1-0